[Event "AUTO-MASTER-713"]
[Site "http://www.queenalice.com/game.php?id=681895"]
[Date "2009.11.12"]
[Round "2"]
[White "Cyborg"]
[Black "aknightout"]
[Result "1-0"]
[WhiteElo "2337"]
[BlackElo "1617"]

1. d4 d6 2. Nf3 Nf6 3. c4 g6 4. Nc3 Bg7 5. e4 O-O 6. Be2 Re8 7. O-O c5 8. d5
Nbd7 9. h3 Nf8 10. Bf4 N8d7 11. Qd2 a6 12. Bh2 Nf8 13. e5 dxe5 14. Nxe5 N8d7 15.
f4 Bh6 16. Qe1 Nxe5 17. fxe5 Be3+ 18. Kh1 Nd7 19. Bg4 Bd4 20. e6 1-0

[Event "AUTO-MASTER-713"]
[Site "http://www.queenalice.com/game.php?id=681896"]
[Date "2009.11.12"]
[Round "2"]
[White "wilfried"]
[Black "Cyborg"]
[Result "1-0"]
[WhiteElo "2175"]
[BlackElo "2340"]

1. d4 d5 2. c4 e5 3. dxe5 d4 4. Nf3 Nc6 5. g3 Be6 6. Nbd2 Bb4 7. Bg2 Bxc4 8. O-O
Bxd2 9. Qxd2 Nge7 10. Rd1 O-O 11. Qc2 Be6 12. Bg5 h6 13. Bxe7 Qxe7 14. Nxd4 Nxd4
15. Rxd4 c6 16. Rad1 Qc7 17. Qc5 Rfe8 18. f4 Rad8 19. a4 a6 20. Rd6 Bb3 21. R1d4
Be6 22. a5 g6 23. e4 Rc8 24. Bf3 Qe7 25. Rd1 h5 26. Kg2 Bb3 27. R1d2 Be6 28. h4
Rc7 29. Be2 Kh7 30. Bc4 Kh8 31. Bxe6 fxe6 32. Qb6 1-0

[Event "AUTO-ELITE-444"]
[Site "http://www.queenalice.com/game.php?id=683681"]
[Date "2009.11.15"]
[Round "1"]
[White "sical"]
[Black "Cyborg"]
[Result "0-1"]
[WhiteElo "2446"]
[BlackElo "2434"]

1. e4 e6 2. d4 d5 3. Nd2 Nf6 4. e5 Nfd7 5. Bd3 c5 6. c3 Nc6 7. Ne2 cxd4 8. cxd4
Qb6 9. Nf3 Bb4+ 10. Bd2 f6 11. exf6 Nxf6 12. Bxb4 Qxb4+ 13. Qd2 Qxd2+ 14. Kxd2
Bd7 15. h3 Rc8 16. Rhc1 Ke7 17. Ne5 Rhf8 18. f4 Nb4 19. Rxc8 Rxc8 20. Nc3 Nc6
21. Ke3 Na5 22. g4 Nc4+ 23. Bxc4 dxc4 24. Re1 Kd6 25. Kd2 b6 26. h4 Be8 27. b3
cxb3 28. axb3 Kc7 29. Ne4 Nxe4+ 30. Rxe4 Kd8 31. Re3 Ke7 32. h5 Kf6 33. Nf3 Bd7
34. Re5 Rd8 35. Ke3 Bc8 36. Ng5 h6 37. Ne4+ Kf7 38. g5 Kf8 39. b4 Ke7 40. f5 a6
41. Kd3 Rd5 42. g6 a5 43. b5 a4 44. f6+ gxf6 45. Rxd5 exd5 0-1

[Event "AUTO-ELITE-444"]
[Site "http://www.queenalice.com/game.php?id=683682"]
[Date "2009.11.15"]
[Round "1"]
[White "Cyborg"]
[Black "sical"]
[Result "1-0"]
[WhiteElo "2425"]
[BlackElo "2455"]

1. d4 Nf6 2. Nf3 g6 3. c4 Bg7 4. Nc3 d6 5. e4 O-O 6. Be2 e5 7. O-O Nc6 8. d5 Ne7
9. Ne1 Nd7 10. f3 f5 11. g4 f4 12. h4 a6 13. b4 a5 14. bxa5 Rxa5 15. Bd2 Nc5 16.
Nd3 Nxd3 17. Bxd3 Ra8 18. Be1 b6 19. Qb3 Bd7 20. Nb5 Qc8 21. a4 h5 22. g5 Qb7
23. Bf2 Kh7 24. a5 bxa5 25. Qc2 Rfb8 26. Rfb1 Qc8 27. Be1 Rb7 28. c5 dxc5 29.
Qxc5 Bf8 30. Qc3 Qd8 31. Na3 Rxb1 32. Rxb1 Bg7 33. Rb7 c6 34. d6 Nd5 35. Qc5 Ne3
36. Nc4 Nxc4 37. Qxc4 Qe8 38. Bc2 Be6 39. Qc5 Bd7 40. Qb6 a4 41. Qc7 a3 42. Bb3
a2 43. Bxa2 Rxa2 44. Qxd7 Qxd7 45. Rxd7 1-0

[Event "AUTO-ELITE-407"]
[Site "http://www.queenalice.com/game.php?id=722227"]
[Date "2010.1.29"]
[Round "2"]
[White "Mirok"]
[Black "Cyborg"]
[Result "0-1"]
[WhiteElo "2423"]
[BlackElo "2385"]

1. e4 c5 2. Nf3 d6 3. c3 Nf6 4. Be2 g6 5. O-O Bg7 6. Bb5+ Bd7 7. Bxd7+ Qxd7 8.
Re1 O-O 9. d4 Na6 10. Bg5 Rfe8 11. Na3 cxd4 12. cxd4 Nc7 13. Qb3 Ne6 14. Rad1
Rac8 15. Nb5 a6 16. Nc3 Nh5 17. Nd5 Nxg5 18. Nxg5 Qb5 19. Qf3 Nf6 20. Qh3 h6 21.
Nxe7+ Rxe7 22. Qxc8+ Re8 23. Qc2 hxg5 0-1

[Event "AUTO-ELITE-407"]
[Site "http://www.queenalice.com/game.php?id=722228"]
[Date "2010.1.29"]
[Round "2"]
[White "Cyborg"]
[Black "Mirok"]
[Result "1/2-1/2"]
[WhiteElo "2394"]
[BlackElo "2415"]

1. d4 Nf6 2. Nf3 e6 3. Bg5 d6 4. e3 Be7 5. Bd3 O-O 6. O-O h6 7. Bxf6 Bxf6 8. c3
d5 9. Nbd2 c5 10. Qe2 Qb6 11. Rab1 Nc6 12. Rfe1 c4 13. Bc2 Qc7 14. e4 Bd7 15. b3
b5 16. bxc4 bxc4 17. Nf1 Rfb8 18. Ne3 Qa5 19. Rxb8+ Rxb8 20. Qd2 h5 21. exd5
exd5 22. h3 g6 23. a4 1/2-1/2

[Event "AUTO-ELITE-434"]
[Site "http://www.queenalice.com/game.php?id=767314"]
[Date "2010.4.27"]
[Round "2"]
[White "pumamercedino"]
[Black "Cyborg"]
[Result "1/2-1/2"]
[WhiteElo "2468"]
[BlackElo "2430"]

1. e4 e6 2. d4 d5 3. e5 c5 4. c3 Nc6 5. Nf3 Bd7 6. Be2 Nge7 7. Na3 cxd4 8. cxd4
Nf5 9. Nc2 Qb6 10. O-O Rc8 11. Bd3 Be7 12. Bd2 h6 13. b4 a6 14. a4 O-O 15. b5
Na5 16. bxa6 bxa6 17. Rb1 Qc7 18. g4 Nh4 19. Nxh4 Bxh4 20. Bb4 Rfe8 21. Ne3 Nc4
22. Bc5 Be7 23. Bxc4 dxc4 24. Nxc4 Rb8 25. Nb6 Bc8 1/2-1/2

[Event "AUTO-ELITE-434"]
[Site "http://www.queenalice.com/game.php?id=767315"]
[Date "2010.4.27"]
[Round "2"]
[White "Cyborg"]
[Black "pumamercedino"]
[Result "1/2-1/2"]
[WhiteElo "2429"]
[BlackElo "2469"]

1. d4 Nf6 2. Nf3 g6 3. c4 Bg7 4. Nc3 d6 5. e4 O-O 6. Be2 Na6 7. O-O e5 8. Be3
Ng4 9. Bg5 Qe8 10. dxe5 dxe5 11. h3 h6 12. Bd2 Nf6 13. Be3 Nh5 14. Re1 Nf4 15.
Bf1 c6 16. Ne2 Ne6 17. Qd2 h5 18. b4 c5 19. b5 Nac7 20. Nc3 Nd4 21. Be2 Bd7 22.
Rac1 b6 23. Bh6 a6 24. Bxg7 Kxg7 25. bxa6 Rxa6 26. Nd5 Nxf3+ 27. Bxf3 Ne6 28.
Bd1 1/2-1/2

[Event "AUTO-ELITE-438"]
[Site "http://www.queenalice.com/game.php?id=770045"]
[Date "2010.5.3"]
[Round "2"]
[White "Caronte"]
[Black "Cyborg"]
[Result "1-0"]
[WhiteElo "2570"]
[BlackElo "2434"]

1. d4 Nf6 2. c4 e6 3. Nf3 b6 4. g3 Ba6 5. b3 Bb4+ 6. Bd2 Be7 7. Bg2 c6 8. Bc3 d5
9. Ne5 Nfd7 10. Nxd7 Nxd7 11. Nd2 O-O 12. O-O Rc8 13. e4 b5 14. Re1 dxe4 15.
Bxe4 bxc4 16. bxc4 Nb6 17. c5 Nd5 18. Qc2 h6 19. Bg2 Rb8 20. Nf3 Bf6 21. Ne5 Qc7
22. Ng4 Bg5 23. h4 Be7 24. Bd2 Rb7 25. a3 Rd8 26. Bxh6 Bf8 27. Bg5 Be7 28. Ne5
Qc8 29. Rab1 Re8 30. Be4 1-0

[Event "AUTO-ELITE-438"]
[Site "http://www.queenalice.com/game.php?id=770046"]
[Date "2010.5.3"]
[Round "2"]
[White "Cyborg"]
[Black "Caronte"]
[Result "1/2-1/2"]
[WhiteElo "2431"]
[BlackElo "2575"]

1. d4 d5 2. c4 c6 3. Nf3 Nf6 4. Nc3 dxc4 5. a4 Bf5 6. e3 e6 7. Bxc4 Bb4 8. O-O
Nbd7 9. Qe2 Bg6 10. e4 O-O 11. Bd3 Bh5 12. e5 Nd5 13. Nxd5 cxd5 14. Qe3 Bg6 15.
Ng5 Re8 16. f4 Bxd3 17. Qxd3 f5 18. Be3 Nf8 19. Kh1 Rc8 20. g4 Qd7 21. Rg1 Be7
22. Nf3 Rc4 23. Rg2 fxg4 24. Rxg4 Rxa4 25. Rag1 g6 26. h4 Rb4 27. h5 Qb5 28. Qc2
Rb3 29. hxg6 h5 30. R4g3 h4 31. g7 Nh7 32. Qg6 1/2-1/2

[Event "AUTO-ELITE-415"]
[Site "http://www.queenalice.com/game.php?id=808677"]
[Date "2010.7.25"]
[Round "2"]
[White "Cyborg"]
[Black "Pollyanna"]
[Result "1/2-1/2"]
[WhiteElo "2430"]
[BlackElo "2491"]

1. d4 d5 2. c4 c6 3. Nf3 Nf6 4. Nc3 e6 5. e3 Nbd7 6. Bd3 dxc4 7. Bxc4 b5 8. Bd3
Bd6 9. O-O O-O 10. Qc2 Bb7 11. a3 a6 12. b4 a5 13. Rb1 axb4 14. axb4 Qe7 15. e4
e5 16. Ne2 Bxb4 17. Ng3 Rfe8 18. dxe5 1/2-1/2

[Event "AUTO-ELITE-415"]
[Site "http://www.queenalice.com/game.php?id=808678"]
[Date "2010.7.25"]
[Round "2"]
[White "Pollyanna"]
[Black "Cyborg"]
[Result "1/2-1/2"]
[WhiteElo "2470"]
[BlackElo "2434"]

1. d4 Nf6 2. c4 e6 3. Nc3 Bb4 4. e3 O-O 5. Bd3 c5 6. Nf3 d5 7. O-O cxd4 8. exd4
dxc4 9. Bxc4 b6 10. Bg5 Bb7 11. Rc1 Nbd7 12. Re1 Rc8 13. Qb3 Bxc3 14. Rxc3 h6
15. Bh4 Qe8 16. Nd2 Nd5 17. Rg3 Ne7 18. Bd3 Bd5 19. Qd1 f5 20. Nb1 f4 21. Rg4
Nf6 22. Bxf6 Rxf6 23. Nc3 Qd7 24. Qd2 f3 25. g3 Nc6 26. Qe3 Nb4 27. Bb1 Rd8 28.
a3 Nc6 29. Qd3 Kf8 30. b4 Qf7 31. Nxd5 Rxd5 32. Ba2 Rd6 33. b5 Ne7 34. Qh7 h5
35. Rg5 1/2-1/2